| 000 | 00700nam a2200169 a 4500 | ||
|---|---|---|---|
| 008 | 210330s1990 ||||||||||||||||| || u | ||
| 020 | _a031476271X | ||
| 050 | _aK 13 Bla | ||
| 100 | _aBlack, Henry Campbell | ||
| 245 | 1 | 0 |
_aBlack's law dictionary: Definitions of the terms and phrases of American and English jurisprudence, ancient and modern (6th edition) _cBy Henry Campbell Black |
| 250 | _a6th edition | ||
| 260 |
_aSt. Paul _bWest Publishing Co _c1990 |
||
| 300 | _axiv, 1657 pages | ||
| 650 | _aLAW--DICTIONARIES | ||
| 650 | _aLAW--UNITED STATES--DICTIONARIES | ||
| 995 |
_FCBU-MAIN LIBRARY (Kitwe) _M1 _UREFERENCE _WApr 1, 2021 _ZReference Collection |
||
| 999 |
_c35975 _d35975 |
||